राष्ट्रवाद के पुरोधा योगी आदित्यनाथ/ (Record no. 206381)
[ view plain ]
| 000 -LEADER | |
|---|---|
| fixed length control field | 00875nam a22001937a 4500 |
| 005 - DATE AND TIME OF LATEST TRANSACTION | |
| control field | 20241024125308.0 |
| 010 ## - LCCN (DPL NO) | |
| LC control number | HIN-128616 |
| 020 ## - INTERNATIONAL STANDARD BOOK NUMBER | |
| International Standard Book Number | 9788189486709 |
| Terms of availability | 695.00 |
| 035 ## - SYSTEM CONTROL NUMBER | |
| System control number | HN-100962 |
| 037 ## - SOURCE OF ACQUISITION | |
| Source of stock number/acquisition | DBAD |
| 082 ## - DEWEY DECIMAL CLASSIFICATION NUMBER | |
| Classification number | 921 |
| 100 ## - MAIN ENTRY--PERSONAL NAME | |
| Personal name | इंद्रजीत सिंह |
| 245 ## - TITLE STATEMENT | |
| Title | राष्ट्रवाद के पुरोधा योगी आदित्यनाथ/ |
| Statement of responsibility, etc | इंद्रजीत सिंह |
| 250 ## - EDITION STATEMENT | |
| Edition statement | प्रथम |
| 260 ## - PUBLICATION, DISTRIBUTION, ETC. (IMPRINT) | |
| Place of publication, distribution, etc | दिल्ली |
| Name of publisher, distributor, etc | कादम्बरी प्रकाशन |
| Date of publication, distribution, etc | 2018 |
| 270 ## - ADDRESS | |
| Address | डबल्यू जेड 52/45 प्रथम तल, लेन नं. 2, रवि नगर |
| City | नई दिल्ली |
| Postal code | 110018 |
| Electronic mail address | kadambariprakashan@gmail.com |
| 300 ## - PHYSICAL DESCRIPTION | |
| Extent | 280 पृ. |
| Dimensions | 22 सेमी (सजिल्द) |
| 942 ## - ADDED ENTRY ELEMENTS (KOHA) | |
| Item type | Hindi Books |
| Source of classification or shelving scheme | Dewey Decimal Classification |
| Classification part | 921 |
| Call number suffix | इंद्रजी |
| Withdrawn status | Lost status | Not for loan | Collection code | Home library | Current library | Date acquired | Source of acquisition | Cost, normal purchase price | Full call number | Barcode | Copy number | Cost, replacement price | Koha item type |
|---|---|---|---|---|---|---|---|---|---|---|---|---|---|
| Non-fiction | Bawana | Bawana | 14/10/2024 | DBAD | 695.00 | 921 इंद्रजी | HN-100962 | 1 | 695.00 | Hindi Books |
